Quiz z okazji Światowego Dnia Pszczół - Statystyki

Ogólne statystyki
  • Ten quiz został rozwiązany 3 razy
  • Średni wynik to 7 z 17
Statystyki odpowiedzi
Wskazówka Odpowiedź % Poprawnych
Jedyny kontynent, na którym nie ma pszczół Antarktyda
100%
Dźwięk wydawany przez pszczołę Bzyczenie
100%
Co pszczoły przenoszą z rośliny na roślinę, co przyczynia się do zapłodnienia Pyłek kwiatowy
100%
Miejsce, w którym żyją pszczoły Ul
100%
Produkt pszczeli używany do wyrobu świec Wosk
100%
Pszczoła żeńska przewodząca kolonii Królowa pszczół
50%
Słodki płyn, który rośliny wytwarzają, aby przyciągać pszczoły Nektar
50%
Sześciokątne komórki, w których znajduje się miód Plaster miodu
50%
Pszczoła żeńska pozbawiona zdolności reprodukcyjnych Pszczoła robotnica
50%
Duży, puszysty rodzaj pszczoły, będący również nazwą Transformera Bumblebee
0%
Roślina uprawiana w Kalifornii, do której zapłodnienia potrzeba prawie połowy pszczół komercyjnych w kraju Migdał
0%
Substancja podawana larwie pszczoły, która może ją zmienić w wyżej wymienioną Mleczko królewskie
0%
Aktor, który krzyczał „Nie pszczoły!!!” w filmie „Wicker Man” z 2006 r. Nicolas Cage
0%
Słowo zaczynające się na literę P, oznaczające miejsce, w którym trzymane są pszczoły Pasieka
0%
Osoba zajmująca się hodowlą pszczół miodnych Pszczelarz
0%
Pszczoła samiec; jego jedynym celem jest kopulacja z królową Pszczoła truteń
0%
Powszechna nazwa agresywnej pszczoły miodnej afrykańskiej {Zabójcza} pszczoła
0%
Nie znaleziono quizów pasujących do podanych kryteriów
Rozkład punktacji
Procent ludzi z każdym wynikiem
Percentyl według liczby udzielonych odpowiedzi
Twoja historia wyników
Nie rozwiązałeś tego quizu